Spotify - top 10 najczęściej słuchani artyści w Polsce 2022 - Statystyki

Ogólne statystyki
  • Ten quiz został rozwiązany 507 razy
  • Średni wynik to 5 z 10
Statystyki odpowiedzi
Miejsce Artysta % Poprawnych
3. Mata
86%
7. Bedoes 2115
69%
2. sanah
69%
1. White 2115
60%
5. Oki
46%
8. Malik Montana
41%
9. Żabson
34%
6. Young Igi
27%
10. Kukon
16%
4. SB Maffija
8%
Nie znaleziono quizów pasujących do podanych kryteriów
Rozkład punktacji
Procent ludzi z każdym wynikiem
Percentyl według liczby udzielonych odpowiedzi
Twoja historia wyników
Nie rozwiązałeś tego quizu